Music Quiz

Random Music or Animal Quiz
Score 0/11 Timer 02:00
1 Play Today
Animal Says % Correct
Catmeow
96.9%
Cowmoo
93.6%
Dogwoof
93%
Ducksquack
85.5%
Birdtweet
81.3%
Mousesqueek
77.2%
Frogcroak
68.3%
FoxRing-ding-ding-ding-dingeringeding! Wa-pa-pa-pa-pa-pa-pow! Hatee-hatee-hatee-ho! Joff-tchoff-tchoffo-tchoffo-tchoff! Jacha-chacha-chacha-chow! Fraka-kaka-kaka-kaka-kow! A-hee-ahee-ha-hee! A-oo-oo-oo-ooo!
65.1%
Fishblub
58.8%
Elephanttoot
52.2%
Sealow ow ow
49.2%
Remove Ads.
Support Sporcle.
Get the best of Sporcle when you Go Orange. This ad-free experience offers more features, more stats, and more fun while also helping to support Sporcle. Thank you for becoming a member.

You're not logged in!

Compare scores with friends on all Sporcle quizzes.
OR
Log In

Show Comments

Extras

Top Quizzes Today


Score Distribution

Your Account Isn't Verified!

In order to create a playlist on Sporcle, you need to verify the email address you used during registration. Go to your Sporcle Settings to finish the process.

Report this User

Report this user for behavior that violates our Community Guidelines.

Details: